000 00460nam a2200157Ia 4500
999 _c18771
_d18771
003 OSt
005 20200606114403.0
008 190216s9999||||xx |||||||||||||| ||und||
040 _coclc
082 _a327.54073
_bCHA/I
100 _aChakravarty, B N
_92586
245 0 _aIndia Speaks To America /
_cB N Chakravarty
260 _bOrient Longman,
_c1966.
_aDelhi:
300 _a194p
942 _cBK
_2ddc
_h327.54073
_iCHA/I
_k327.54073
_mCHA/I